Concepto de la materia (Record no. 54858)

MARC details
000 -LEADER
campo de control de longitud fija 00816nam a2200181 i 4500
001 - NÚMERO DE CONTROL
campo de control 54858
003 - IDENTIFICADOR DE NÚMERO DE CONTROL
campo de control ES-MaACL
005 - FECHA Y HORA DE LA ÚLTIMA TRANSACCIÓN
campo de control 20230906163033.0
007 - CAMPO FIJO DE DESCRIPCIÓN FÍSICA--INFORMACIÓN GENERAL
campo de control de longitud fija t|
008 - DATOS DE LONGITUD FIJA--INFORMACIÓN GENERAL
campo de control de longitud fija 040120s1890 sp ||||1| spa d
100 1# - ENTRADA PRINCIPAL--NOMBRE DE PERSONA
Nombre de persona Galbán y Auría, Abdón Senén.
9 (RLIN) 53339
245 10 - MENCIÓN DEL TÍTULO
Título Concepto de la materia
Resto del título : tema explicado en el Ateneo Científico, Literario y Artístico de Logroño, en la noche del 4 de enero de 1882 /
Mención de responsabilidad, etc. por Abdón Senén Galbán y Auría, socio del mismo.
260 ## - PUBLICACIÓN, DISTRIBUCIÓN, ETC.
Lugar de publicación, distribución, etc. Sevilla :
Nombre del editor, distribuidor, etc. [s.n.],
Fecha de publicación, distribución, etc. 1890 (
Fabricante Imp. de Gironés y Orduña)
300 ## - DESCRIPCIÓN FÍSICA
Extensión 8 p. ;
Dimensiones 25 cm.
500 ## - NOTA GENERAL
Nota general Precede al título: La población y el territorio. Edición especial de la sección científica correspondiente al nº 8.
710 2# - ENTRADA AGREGADA--NOMBRE DE ENTIDAD CORPORATIVA
Nombre de entidad corporativa o nombre de jurisdicción como elemento de entrada Ateneo Científico, Literario y Artístico (Logroño)
9 (RLIN) 1850
852 ## - LOCALIZACIÓN
Ubicación ES-MaACL
Número de control de estantería T-508-F-10
Holdings
Estatus retirado Estado de pérdida Estado de daño No para préstamo Colección Biblioteca de origen Biblioteca actual Ubicación en estantería Fecha de adquisición Fuente de adquisición Total de préstamos Signatura topográfica completa Código de barras Visto por última vez Precio de reemplazo Tipo de ítem Koha
        Colección de folletos Biblioteca del Ateneo de Madrid Biblioteca del Ateneo de Madrid Depósito folletos 17/01/2008     T-508-F-10 1057646 23/02/2023 23/02/2023 Folleto